000 00329nam a2200145Ia 4500
100 _aKoch/ Geor
942 _cBK
366 _f15
654 _aOracle The Complete Reference
245 _aOracle The Complete Reference
260 _bTata Mc Graw hill
_aNew Delhi
_c1997
082 _a5.3
300 _a1066
546 _aENGLISH
999 _c26910
_d26910